General Knowledge Quiz #157 - Statistics

General Stats
  • This quiz has been taken 84,100 times
    57,688 since last reset
  • The average score is 11 of 20
Answer Stats
Question Answer % Correct
What type of product can be "extra virgin"? Olive oil
94%
Which two countries are located mostly in the Himalayas? Nepal
92%
For what crime might a pyromaniac be a prime suspect? Arson
81%
Who was the villain in "A Nightmare on Elm Street"? Freddy Krueger
71%
In what body part would you find rods and cones? Retina
70%
Which two countries are located mostly in the Himalayas? Bhutan
69%
What city gave birth to Starbucks and Amazon? Seattle
64%
What singer often appears with a half-white / half-black wig and a giant bow tie on her head? Sia
62%
In what city would you find a University known as the Sorbonne? Paris
61%
What fruit was known as "Chinese gooseberry" until New Zealand growers changed its name to increase sales? Kiwifruit
58%
What is the name for the master of ceremonies at a circus? Ringmaster
53%
What person was responsible for the "Great Leap Forward" and the "Cultural Revolution"? Mao Zedong
51%
What country has won the most medals in the sport of Alpine skiing? Austria
50%
What town in England is the namesake of a popular sport? Rugby
48%
What religious relic did Sir Galahad find? The Holy Grail
48%
What is the term, starting with H, for a settlement that is smaller than a village? Hamlet
47%
What's a simpler way of saying that two people are consanguineous? They are {related}
40%
What "religion" is inspired by Star Wars? Jediism
39%
What tribe of people was led by Charlemagne? The Franks
32%
What is the military rank of a one-star general? {Brigadier} General
18%
No matching quizzes found
Score Distribution
Percent of People with Each Score
Percentile by Number Answered
Your Score History
You have not taken this quiz since the last reset